Statistics for X-Men: Days of Future Past Quiz

Click here to take the quiz!

General Stats

  • This quiz has been taken 11 times
  • The average score is 8 of 12

Answer Stats

HintAnswer% Correct
Who does Wolverine recruit to bust Magneto out of prison?Quicksilver
100%
What can Colossus turn into?Steel
100%
Who does Kitty Pryde send back in time?Wolverine / Logan
100%
Who is featured building a pyramid in the post-credits scene?Apocalypse / En Sabah Nur
86%
Who was the original choice for the above?Professor X
86%
What year is the majority of the movie set in?1973
71%
Which mutant has the ability to use tattoos to give him powers?Ink
57%
Who plays Warpath?Booboo Stewart
43%
What is the extended version of the movie called?The Rogue Cut
43%
Who is Mystique impersonating when we last see her?William Stryker
43%
What subject does Wolverine teach in the different future?History
29%
Complete the quote: “All those years wasted fighting each other, Charles… to have _____a precious few of them back
14%

Score Distribution

Percentile by Number Answered

Percent of People with Each Score

Your Score History

You have not taken this quiz